000 00729nam a2200253Ia 4500
003 OSt
005 20220918165535.0
006 a|||||r|||| 00| 0
007 ta
008 220917b |||||||| |||| 00| 0 eng d
020 _a8125616051 (hbk)
024 _a238,254
037 _cTextual
040 _aARTS
_cARTS
_beng
041 _2eng
_aeng
082 _aR6, N3
100 _aSircar Mahendra Nath
_924667
245 0 _aEastern lights
_b A brief account of some phases of life, thought and mysticism in India
260 _aDelhi
_bSharada Publishing House India
_c1993
300 _axii,305p.
_ccm.
650 _aPHILOSOPHY
942 _hR6, N3
_cTEXL
_2CC
999 _c130279
_d130279